| 000 | 00932cam a2200289 i 4500 | ||
|---|---|---|---|
| 999 |
_c200447512 _d65724 |
||
| 001 | 200447512 | ||
| 003 | TR-AnTOB | ||
| 005 | 20220216171211.0 | ||
| 007 | ta | ||
| 008 | 050817s2003 tu bo 000 0 tur | ||
| 035 | _a(TR-AnTOB)200447512 | ||
| 040 |
_aTR-AnTOB _beng _erda _cTR-AnTOB |
||
| 041 | 0 | _atur | |
| 050 | 4 |
_aHC493.B49 _bB497 2003 |
|
| 099 | _a330.95651113 BEY 2003 | ||
| 245 | 0 | 0 | _aBeypazarı'nın sosyal ve ekonomik yapısı. |
| 264 | 1 |
_aAnkara : _bBeypazarı Ticaret Odası, _c2003. |
|
| 300 |
_a64 pages : _bmaps, photographs ; _c28 cm |
||
| 336 |
_atext _btxt _2rdacontent |
||
| 337 |
_aunmediated _bn _2rdamedia |
||
| 338 |
_avolume _bnc _2rdacarrier |
||
| 651 | 7 |
_aBeypazarı ilçesi (Türkiye) _xSosyal durum _2etuturkob _9135577 |
|
| 651 | 7 |
_aBeypazarı ilçesi (Türkiye) _xEkonomik durum _2etuturkob _9135578 |
|
| 710 | 2 |
_aBeypazarı Ticaret Odası _9135580 |
|
| 942 |
_2lcc _cBK |
||